000 01328cam a22003373a 4500
001 3837
003 PGUSA
005 20140828083039.0
008 030301s2003||||xxu|||||s|||||000 | eng d
040 _aPGUSA
_beng
042 _adc
050 4 _aE456
100 1 _aAlcott, Louisa May,
_d1832-1888
245 1 0 _aHospital Sketches
_h[electronic resource] /
_cLouisa May Alcott
260 _bProject Gutenberg,
_c2003
506 _aPublic domain in the USA.
516 _aElectronic text
653 _aAlcott, Louisa May, 1832-1888 -- Career in nursing
653 _aNurses -- United States -- Biography
653 _aUnited States -- History -- Civil War, 1861-1865 -- Personal narratives
653 _aUnited States -- History -- Civil War, 1861-1865 -- Hospitals
653 _aUnited States -- History -- Civil War, 1861-1865 -- Medical care
653 _aGeorgetown (Washington, D.C.) -- History -- 19th century
653 _aMilitary nursing -- United States -- History -- 19th century
653 _aWashington (D.C.) -- History -- 19th century
653 _aUnited States -- History -- Civil War, 1861-1865 -- Women
653 _aMilitary hospitals -- Washington (D.C.) -- History -- 19th century
830 0 _aProject Gutenberg
_v3837
856 4 0 _uhttp://www.gutenberg.org/ebooks/3837
942 _cEB
999 _c233166
_d233166